Star Wars Box Office SuddenDeath - Statistiken

Allgemein
  • Dieses Quiz wurde 105 mal gespielt
  • Das Durchschnittsergebnis liegt bei 2 aus 6
Answers on the Grid
Answers color-coded by a green-red scale on the quiz's grid according to % correct below.
Die dunkele Bedrohung
Die Rache der Sith
Das Erwachen der Macht
Rogue One: A Star Wars Story
Die letzten Jedi
Der Aufstieg Skywalkers
Eine neue Hoffnung
Das Imperium schlägt zurück
Die Rückkehr der Jedi-Ritter
Angriff der Klonkrieger
The Clone Wars
Solo: A Star Wars Story
 
Antwortstatistiken
Antwort % Korrekt
Die Rache der Sith
53%
Das Erwachen der Macht
44%
Die letzten Jedi
37%
Rogue One: A Star Wars Story
30%
Der Aufstieg Skywalkers
25%
Die dunkele Bedrohung
19%
Keine übereinstimmenden Quizze gefunden
Verteilung der Resultate
Anzahl Personen mit jedem Resultat
Perzentil nach korrekt beantworteten Fragen
Ihre Resultats-Entwicklung
Sie haben dieses Quiz noch nicht gespielt